Organización y control de empresas /
Guardado en:
| Autor Principal: | |
|---|---|
| Otros Autores: | |
| Formato: | Libro |
| Publicado: |
Buenos Aires :
Macchi,
1968
|
| Edición: | 2a. ed. |
| Materias: | |
| Etiquetas: |
Agregar Etiqueta
Sin Etiquetas, Sea el primero en etiquetar este registro!
|
| LEADER | 01055nam a22002175a 4500 | ||
|---|---|---|---|
| 001 | CEM.cems004990 | ||
| 005 | 20060217000000.0 | ||
| 008 | 130507s1968##################000#0#####d | ||
| 003 | CEMS | ||
| 082 | 0 | 4 | |a 658.16 |
| 100 | 1 | |a Perel, Vicente E. | |
| 245 | 1 | 0 | |a Organización y control de empresas / |
| 250 | |a 2a. ed. | ||
| 260 | |a Buenos Aires : |b Macchi, |c 1968 | ||
| 300 | |a 718 p. | ||
| 505 | 0 | |a Funci¢n de los administradores.-Objetivos.-La decisi¢n en administraci¢n. -Planeamineto.-Pron¢sticos, premisas, estrategias y planeamiento.- Tipos de planes y su puesta en acci¢n.-Concepto de organizaci¢n.-Departamentalizaci¢n. -Autoridad.-Personal.-Din mica de la organizaci¢n.-Mando.-Comunicaci¢n. -Liderazgo.-Evaluaci¢n y perfecciónamiento de los gerentes.-Controles. | |
| 653 | |a Administracion de empresas | ||
| 700 | 1 | |a Krasuk, Jorge L. | |
| 859 | |a CEMS |b BIB. CEMS - 11 de abril |h 658.16 |i P414 |p 727.73 |t Ej.1 | ||
| 859 | |a CEMS |b BIB. CEMS - 11 de abril |h 658.16 |i P414 |p 8024.80 |t Ej.2 | ||
| 859 | |a CEMS |b BIB. CEMS - 11 de abril |h 658.16 |i P414 |p 8026.80 |t Ej.3 | ||
